Месячные ведомости о суммах по Конторе Двора наследника цесаревича за 1870 год

Доступно только в Электронных читальных залах Найти на картеНа карте
RUSMARC
00004087nmc2a22002653x 450
001a55cff83-20c2-4189-8df5-970d9caece52
00520210210012812.0
100##$a20201103l18711871k l0rusy0189 ca
1010#$arus
102##$aRU
105##$ay###
1222#$ad
2001#$aМесячные ведомости о суммах по Конторе Двора наследника цесаревича за 1870 год
$j1871 г.
215##$a193 л.
$d31,5х23 см
251##$cДело
300##$aДело
300##$aОриг. заголовок дела: Месячные ведомости о суммах по Конторе Двора вашего императорского высочества за 1871 год. 1871 г
371##$aДокумент не является опубликованным и широко распространяемым
461#0$1001523d12d2-4a37-4177-a83e-48262505de72
$12001
$aКонтора Двора наследника великого князя Александра Александровича Министерства императорского двора
$1251
$cФонд
$1852
$j1339
462#0$1001491caabc-e945-4aff-b3be-bff7dc9805bf
$12001
$aКонтора Двора наследника великого князя Александра Александровича Министерства императорского двора
$1251
$cОпись
$1852
$j2
5171#$aМесячные ведомости о суммах по Конторе Двора вашего императорского высочества за 1871 год. 1871 г
801#0$aRU
$bРГИА
$c20201103
$gRCR
801#1$aRU
$bГлавНИВЦ
$c20201103
$2rusmarc
801#2$aRU
$bПБ им. Б.Н. Ельцина
$c20210210
$gRCR
$2rusmarc
850##$aРГИА
852##$aРГИА
$eФедеральное казенное учреждение "Российский государственный исторический архив" (РГИА)
$j323
937##$hРГИА
$d12347929
$aASBIBLIO_SCAN
035##$aRusGRCC00015978
856##$uhttp://readingroom.main.prlib.ru/item.aspx?id_node=n156605286&mode=full
Формат отображения